[Event "TCh-FRA Top 12 2018"]
[Site "Brest FRA"]
[Date "2018.05.26"]
[Round "1.3"]
[Board "6"]
[White "Marcelin, Cyril"]
[Black "Nezar, Mustapha"]
[Result "1-0"]
[WhiteTitle "GM"]
[BlackTitle "IM"]
[WhiteElo "2462"]
[BlackElo "2326"]
[WhiteTeam "Les Tours de Haute Picardie, SAINT QUENTIN"]
[BlackTeam "VANDOEUVRE-Echecs"]
[WhiteFideId "607274"]
[BlackFideId "608637"]
[EventDate "2018.05.26"]

1. d4 d5 2. Bf4 Bf5 3. c4 Bxb1 4. Rxb1 dxc4 5. e4 e6 6. Bxc4 Bd6 7. Be3 Nd7 8.
Nf3 Bb4+ 9. Ke2 Nb6 10. Bd3 Nf6 11. Rc1 c6 12. Qb3 Be7 13. a4 Qc7 14. Qc2 Bb4
15. h3 Qe7 16. Qb3 Nfd7 17. Rhd1 O-O 18. Bg5 f6 19. Bd2 a5 20. Kf1 Rfe8 21. Ra1
Bd6 22. e5 Bc7 23. exf6 gxf6 24. Re1 Qf7 25. Re4 Kh8 26. Rh4 Nf8 27. Re1 Re7 28.
g3 Qe8 29. Rh6 Qf7 30. Re4 Ra7 31. Reh4 Nd5 32. Bc2 Bd6 33. Qd3 Qg8 34. R4h5 Rg7
35. Nh4 f5 36. Nxf5 exf5 37. Rxd6 1-0

[Event "TCh-FRA Top 12 2018"]
[Site "Brest FRA"]
[Date "2018.05.26"]
[Round "1.3"]
[Board "7"]
[White "Iglesias, Joachim"]
[Black "Cappon, John"]
[Result "0-1"]
[WhiteElo "2249"]
[BlackElo "2145"]
[WhiteTeam "VANDOEUVRE-Echecs"]
[BlackTeam "Les Tours de Haute Picardie, SAINT QUENTIN"]
[WhiteFideId "637823"]
[BlackFideId "608459"]
[EventDate "2018.05.26"]

1. d4 d5 2. Nf3 c6 3. c4 Nf6 4. e3 Bg4 5. h3 Bxf3 6. Qxf3 e6 7. Bd3 Nbd7 8. O-O
Bd6 9. Nc3 dxc4 10. Bxc4 e5 11. Ne4 Bc7 12. b3 O-O 13. Ba3 Nxe4 14. Qxe4 Re8 15.
Rad1 Nf6 16. Qf5 e4 17. f3 b5 18. Be2 g6 19. Qg5 Nd5 20. Qh6 b4 21. fxe4 Rxe4
22. Rxf7 Kxf7 23. Qxh7+ Kf6 24. Rf1+ Bf4 25. Bf3 Bxe3+ 26. Kh1 Rf4 27. Bb2 Qc7
28. Qh6 Qg7 0-1

[Event "TCh-FRA Top 12 2018"]
[Site "Brest FRA"]
[Date "2018.05.26"]
[Round "1.3"]
[Board "8"]
[White "Bolon, Karelle"]
[Black "Steil-Antoni, Fiona"]
[Result "1-0"]
[WhiteTitle "WFM"]
[BlackTitle "WIM"]
[WhiteElo "1994"]
[BlackElo "2200"]
[WhiteTeam "Les Tours de Haute Picardie, SAINT QUENTIN"]
[BlackTeam "VANDOEUVRE-Echecs"]
[WhiteFideId "634514"]
[BlackFideId "4001249"]
[EventDate "2018.05.26"]

1. d4 Nf6 2. Nf3 g6 3. e3 Bg7 4. c4 O-O 5. Nc3 d6 6. Qc2 Nbd7 7. Be2 e5 8. O-O
c6 9. b4 Qe7 10. a4 Ne8 11. b5 f5 12. a5 g5 13. dxe5 dxe5 14. Ba3 c5 15. Nd5 Qd8
16. Bb2 g4 17. Nd2 Qh4 18. g3 Qg5 19. f4 Qd8 20. Rfd1 e4 21. Nb3 Bxb2 22. Qxb2
Rb8 23. Rd2 Ng7 24. Rad1 Ne6 25. b6 a6 26. Nc1 Rf7 27. Na2 Qf8 28. Nac3 h5 29.
Nc7 Nd8 30. Rd6 Nc6 31. Ne6 Qe8 32. Ng5 Rg7 33. Nd5 Rg6 34. Nc7 1-0

[Event "TCh-FRA Top 12 2018"]
[Site "Brest FRA"]
[Date "2018.05.26"]
[Round "1.4"]
[Board "1"]
[White "Van Wely, Loek"]
[Black "Kryvoruchko, Yuriy"]
[Result "1/2-1/2"]
[WhiteTitle "GM"]
[BlackTitle "GM"]
[WhiteElo "2667"]
[BlackElo "2705"]
[WhiteTeam "CLICHY Echecs 92"]
[BlackTeam "GRASSE Echecs"]
[WhiteFideId "1000268"]
[BlackFideId "14109182"]
[EventDate "2018.05.26"]

1. d4 Nf6 2. c4 e6 3. g3 d5 4. Nf3 Be7 5. Bg2 O-O 6. O-O dxc4 7. Ne5 Nc6 8. Nxc6
bxc6 9. Na3 Bxa3 10. bxa3 Ba6 11. Qd2 Rb8 12. Qa5 Qc8 13. a4 Rd8 14. Rd1 c3 15.
Qxc3 Bxe2 16. Re1 Qa6 17. Bg5 Qc4 18. Rac1 Qxc3 19. Rxc3 Rb2 20. Rxc6 h6 21.
Bxf6 gxf6 22. Rxc7 a6 23. d5 exd5 24. Bf1 Bxf1 1/2-1/2

[Event "TCh-FRA Top 12 2018"]
[Site "Brest FRA"]
[Date "2018.05.26"]
[Round "1.4"]
[Board "2"]
[White "Kuzubov, Yuriy"]
[Black "Fressinet, Laurent"]
[Result "1/2-1/2"]
[WhiteTitle "GM"]
[BlackTitle "GM"]
[WhiteElo "2663"]
[BlackElo "2651"]
[WhiteTeam "GRASSE Echecs"]
[BlackTeam "CLICHY Echecs 92"]
[WhiteFideId "14112906"]
[BlackFideId "608742"]
[EventDate "2018.05.26"]

1. c4 c6 2. d4 d5 3. Nf3 Nf6 4. e3 Bf5 5. Nc3 a6 6. Bd3 Bg6 7. O-O e6 8. Qe2 Bh5
9. Rd1 Bb4 10. e4 Bxc3 11. bxc3 dxe4 12. Bxe4 Nxe4 13. Qxe4 O-O 14. Ba3 Re8 15.
Re1 Nd7 1/2-1/2

[Event "TCh-FRA Top 12 2018"]
[Site "Brest FRA"]
[Date "2018.05.26"]
[Round "1.4"]
[Board "3"]
[White "Hamdouchi, Hicham"]
[Black "Hera, Imre Jr."]
[Result "1/2-1/2"]
[WhiteTitle "GM"]
[BlackTitle "GM"]
[WhiteElo "2580"]
[BlackElo "2620"]
[WhiteTeam "CLICHY Echecs 92"]
[BlackTeam "GRASSE Echecs"]
[WhiteFideId "9000011"]
[BlackFideId "716855"]
[EventDate "2018.05.26"]

1. e4 e5 2. Nf3 d6 3. d4 exd4 4. Nxd4 Nf6 5. Nc3 Be7 6. g3 Nc6 7. Bg2 Nxd4 8.
Qxd4 O-O 9. b3 c6 10. Bb2 Be6 11. O-O Qa5 12. Rfe1 Rfe8 13. h3 Bf8 14. Rad1 Rad8
15. a4 a6 16. Kh2 d5 17. exd5 cxd5 18. Qd3 1/2-1/2

[Event "TCh-FRA Top 12 2018"]
[Site "Brest FRA"]
[Date "2018.05.26"]
[Round "1.4"]
[Board "4"]
[White "Dorfman, Iossif"]
[Black "Tregubov, Pavel V."]
[Result "1/2-1/2"]
[WhiteTitle "GM"]
[BlackTitle "GM"]
[WhiteElo "2547"]
[BlackElo "2578"]
[WhiteTeam "GRASSE Echecs"]
[BlackTeam "CLICHY Echecs 92"]
[WhiteFideId "604011"]
[BlackFideId "4115341"]
[EventDate "2018.05.26"]

1. d4 Nf6 2. Nf3 e6 3. c4 Bb4+ 4. Bd2 Qe7 5. g3 Bxd2+ 6. Qxd2 Nc6 7. Nc3 d5 8.
cxd5 exd5 9. Bg2 O-O 10. O-O Re8 11. Qf4 Nd8 12. Rad1 c6 13. Qc1 Ne4 14. Ne5 Bf5
15. Rfe1 f6 16. Nd3 Nf7 17. Nxe4 Bxe4 18. Nc5 Bxg2 19. Kxg2 Ng5 20. h4 Nf7 21.
Rd3 Nd6 22. Qf4 Rad8 23. Re3 Qf7 24. Rxe8+ Qxe8 25. Qf3 Qe7 26. Rc1 Re8 27. e3
Nc4 1/2-1/2

[Event "TCh-FRA Top 12 2018"]
[Site "Brest FRA"]
[Date "2018.05.26"]
[Round "1.4"]
[Board "5"]
[White "Van Foreest, Jorden"]
[Black "Wirig, Anthony"]
[Result "1/2-1/2"]
[WhiteTitle "GM"]
[BlackTitle "GM"]
[WhiteElo "2638"]
[BlackElo "2504"]
[WhiteTeam "CLICHY Echecs 92"]
[BlackTeam "GRASSE Echecs"]
[WhiteFideId "1039784"]
[BlackFideId "615013"]
[EventDate "2018.05.26"]

1. e4 c5 2. Nf3 Nc6 3. d4 cxd4 4. Nxd4 e5 5. Nb5 a6 6. Nd6+ Bxd6 7. Qxd6 Qf6 8.
Qd1 Qg6 9. Nc3 Nge7 10. h4 h5 11. Be3 d5 12. exd5 Nb4 13. Bd3 Nxd3+ 14. Qxd3
Qxd3 15. cxd3 Bf5 16. Bc5 Rd8 17. d6 Nc8 18. O-O-O Nxd6 19. Rhe1 f6 20. d4 Nb5
21. dxe5 Rxd1+ 22. Kxd1 Nxc3+ 23. bxc3 Kf7 24. exf6 Rd8+ 25. Kc1 Rd5 26. Re7+
Kxf6 27. Rc7 Rd7 28. Bd4+ Kf7 29. Rc5 g6 30. Rc4 Be6 31. Ra4 Rc7 32. Kd2 Rc4 33.
Ra5 Bd7 34. Rd5 Be6 35. Re5 Ra4 36. Rc5 Rc4 37. Ra5 Bd7 38. Rd5 Be6 39. Rd6 Rc6
40. Rxc6 bxc6 41. a4 Bb3 42. a5 Ke6 43. Ke3 Bc2 44. Bb6 Kd5 45. f3 Bb1 46. g4
hxg4 47. fxg4 Bc2 48. Kf4 Ke6 49. Bd8 Bb1 50. h5 gxh5 51. gxh5 Bc2 52. h6 Bh7
53. c4 Bb1 54. Ke3 Kf7 55. Kd4 Kg6 56. Kc5 Bd3 57. Kxc6 1/2-1/2

[Event "TCh-FRA Top 12 2018"]
[Site "Brest FRA"]
[Date "2018.05.26"]
[Round "1.4"]
[Board "6"]
[White "Sebag, Marie"]
[Black "Delorme, Axel"]
[Result "1/2-1/2"]
[WhiteTitle "GM"]
[BlackTitle "GM"]
[WhiteElo "2486"]
[BlackElo "2527"]
[WhiteTeam "GRASSE Echecs"]
[BlackTeam "CLICHY Echecs 92"]
[WhiteFideId "617822"]
[BlackFideId "632023"]
[EventDate "2018.05.26"]

1. e4 e5 2. Nf3 Nc6 3. Bb5 Nf6 4. d3 d6 5. O-O Be7 6. Re1 O-O 7. c3 a6 8. Ba4 b5
9. Bc2 d5 10. Nbd2 dxe4 11. dxe4 Be6 12. Qe2 Nd7 13. a4 Rb8 14. axb5 axb5 15.
Ra6 Nb6 16. Qxb5 Qd6 17. Qe2 Rfd8 18. b4 Ra8 19. Rxa8 Rxa8 20. Rd1 Na7 21. Bb2
c5 22. Nb3 Qc7 23. Nxc5 Bxc5 24. bxc5 Qxc5 25. Bd3 Nc6 26. h3 f6 27. Ra1 Rxa1+
28. Bxa1 Na5 29. Qb2 Bc4 30. Qb4 Qxb4 31. cxb4 Bxd3 32. bxa5 Nc4 1/2-1/2

[Event "TCh-FRA Top 12 2018"]
[Site "Brest FRA"]
[Date "2018.05.26"]
[Round "1.4"]
[Board "8"]
[White "Libiszewski, Fabien"]
[Black "Guichard, Pauline"]
[Result "1/2-1/2"]
[WhiteTitle "GM"]
[BlackTitle "WGM"]
[WhiteElo "2504"]
[BlackElo "2303"]
[WhiteTeam "GRASSE Echecs"]
[BlackTeam "CLICHY Echecs 92"]
[WhiteFideId "616834"]
[BlackFideId "639370"]
[EventDate "2018.05.26"]

1. e4 d6 2. d4 Nf6 3. Nc3 e5 4. Nf3 Nbd7 5. Bc4 Be7 6. a4 O-O 7. O-O exd4 8.
Qxd4 Nc5 9. h3 Be6 10. Rd1 Nfd7 11. Bxe6 fxe6 12. e5 Rxf3 13. gxf3 Nxe5 14. Qe3
Qe8 15. f4 Nc6 16. Qe2 Bf6 17. Be3 Bxc3 18. bxc3 Ne4 19. Rd3 Qf7 20. Kh2 Qf6 21.
Qg4 Nxc3 22. Qg5 Ne4 23. Qxf6 Nxf6 24. Rb1 Nd8 25. a5 Kf7 26. Bd2 Ne4 27. Be3
Nf6 28. Bd2 Ne4 29. Be3 1/2-1/2

[Event "TCh-FRA Top 12 2018"]
[Site "Brest FRA"]
[Date "2018.05.26"]
[Round "1.5"]
[Board "1"]
[White "Moussard, Jules"]
[Black "Eljanov, Pavel"]
[Result "0-1"]
[WhiteTitle "GM"]
[BlackTitle "GM"]
[WhiteElo "2570"]
[BlackElo "2702"]
[WhiteTeam "Evry Grand Roque"]
[BlackTeam "NICE Alekhine"]
[WhiteFideId "642908"]
[BlackFideId "14102951"]
[EventDate "2018.05.26"]

1. c4 c5 2. Nf3 Nc6 3. Nc3 e5 4. e3 Nf6 5. Be2 d5 6. cxd5 Nxd5 7. Bb5 Nxc3 8.
bxc3 Bd6 9. e4 O-O 10. O-O Qc7 11. Be2 Be6 12. h3 Rad8 13. Qc2 Be7 14. d3 c4 15.
Ng5 Bc8 16. dxc4 Na5 17. Rb1 b6 18. Rb5 Bc5 19. Nf3 Ba6 20. Rb1 Bxc4 21. Bxc4
Nxc4 22. Qe2 Qc6 23. Kh2 Be7 24. Ne1 Rd7 25. Nc2 Rfd8 26. Nb4 Bxb4 27. Rxb4 Rd3
28. Re1 a5 29. Rb1 h6 30. Kg1 b5 31. Qc2 Nb6 32. Re3 Qc4 33. Qb3 Rd1+ 34. Kh2
Qxb3 35. axb3 Rf1 36. Re2 Rdd1 37. Rc2 Nd7 38. c4 Nc5 39. cxb5 Nxe4 40. g3 Nd6
41. b6 e4 42. g4 g5 43. Bxg5 Rh1+ 44. Kg3 Rxb1 0-1

[Event "TCh-FRA Top 12 2018"]
[Site "Brest FRA"]
[Date "2018.05.26"]
[Round "1.5"]
[Board "2"]
[White "Stevic, Hrvoje"]
[Black "Fedorchuk, Sergey A."]
[Result "1-0"]
[WhiteTitle "GM"]
[BlackTitle "GM"]
[WhiteElo "2588"]
[BlackElo "2637"]
[WhiteTeam "NICE Alekhine"]
[BlackTeam "Evry Grand Roque"]
[WhiteFideId "14502569"]
[BlackFideId "14102536"]
[EventDate "2018.05.26"]

1. e4 c5 2. c3 d5 3. exd5 Qxd5 4. d4 Nf6 5. Nf3 e6 6. Na3 Qd8 7. Nc4 Nc6 8. Nce5
Nxe5 9. Nxe5 a6 10. Be3 Qc7 11. Qa4+ Nd7 12. Bb5 cxd4 13. Bxd7+ Bxd7 14. Qxd4
Bb5 15. a4 Rd8 16. Qf4 Bd6 17. Qxf7+ Qxf7 18. Nxf7 Kxf7 19. axb5 axb5 20. Ra7
Rd7 21. Ke2 Rc8 22. Rd1 Ke7 23. Bg5+ Ke8 24. Ra5 h6 25. Be3 b4 26. cxb4 Rc4 27.
b5 Rb4 28. Rd2 Rd8 29. b6 Bf4 30. Rxd8+ Kxd8 31. Bxf4 Rxf4 32. Re5 Ke7 33. Rc5
Rb4 34. Rc7+ Kf6 35. Rxb7 Rxb2+ 36. Ke3 g5 37. Rb8 g4 38. Kd4 Kg5 39. b7 Kh4 40.
Kc5 e5 41. Kd5 h5 42. Kxe5 Rb5+ 43. Kd6 Rb2 44. f4 gxf3 45. gxf3 Kh3 46. f4 Rb5
47. Kc6 1-0

[Event "TCh-FRA Top 12 2018"]
[Site "Brest FRA"]
[Date "2018.05.26"]
[Round "1.5"]
[Board "3"]
[White "Relange, Eloi"]
[Black "Rambaldi, Francesco"]
[Result "0-1"]
[WhiteTitle "GM"]
[BlackTitle "GM"]
[WhiteElo "2455"]
[BlackElo "2556"]
[WhiteTeam "Evry Grand Roque"]
[BlackTeam "NICE Alekhine"]
[WhiteFideId "600822"]
[BlackFideId "20657307"]
[EventDate "2018.05.26"]

1. Nf3 c5 2. g3 Nc6 3. Bg2 g6 4. O-O Bg7 5. e4 e5 6. a3 Nge7 7. b4 d6 8. c3 O-O
9. d3 a6 10. Be3 cxb4 11. axb4 b5 12. Nbd2 h6 13. d4 exd4 14. Nxd4 Bb7 15. N2b3
Rc8 16. Qd2 Kh7 17. f4 Qc7 18. Rac1 Rce8 19. Rfd1 Rd8 20. Qf2 Nc8 21. c4 bxc4
22. Rxc4 Qd7 23. Rdc1 N8e7 24. Na5 Nxa5 25. Rc7 Qe8 26. bxa5 Ba8 27. h4 Ng8 28.
Nc6 Rd7 29. Rxd7 Qxd7 30. e5 Rc8 31. Nb4 Rxc1+ 32. Bxc1 Bxg2 33. Qxg2 dxe5 34.
Qd5 Qg4 35. Kf2 Nf6 36. Qf3 Qd7 37. fxe5 Ng4+ 38. Kg2 Nxe5 39. Qe4 Qa4 40. Bb2
Qxa5 41. Bxe5 Qxe5 42. Qc4 Qb5 0-1

[Event "TCh-FRA Top 12 2018"]
[Site "Brest FRA"]
[Date "2018.05.26"]
[Round "1.5"]
[Board "4"]
[White "Wagner, Dennis"]
[Black "Oratovsky, Michael"]
[Result "1/2-1/2"]
[WhiteTitle "GM"]
[BlackTitle "GM"]
[WhiteElo "2567"]
[BlackElo "2456"]
[WhiteTeam "NICE Alekhine"]
[BlackTeam "Evry Grand Roque"]
[WhiteFideId "24650684"]
[BlackFideId "2802090"]
[EventDate "2018.05.26"]

1. d4 d6 2. Nf3 Nf6 3. c4 g6 4. Nc3 Bf5 5. Nh4 Bd7 6. e4 e5 7. Nf3 Bg7 8. Be2
O-O 9. Be3 Ng4 10. Bg5 f6 11. Bh4 Nc6 12. d5 Ne7 13. Nd2 Nh6 14. f3 c5 15. dxc6
bxc6 16. b4 Be6 17. Bf2 f5 18. O-O Kh8 19. Nb3 Nhg8 20. Qd3 Nf6 21. Rad1 d5 22.
cxd5 cxd5 23. Qa6 Bc8 24. Qa3 d4 25. Nc5 fxe4 26. fxe4 Ng4 27. N3a4 Nxf2 28.
Rxf2 Rxf2 29. Kxf2 Ng8 30. Kg1 Nf6 31. Nb2 Ng4 32. h3 Nf6 33. Nc4 Qc7 34. Qg3
Bb7 35. Nxe5 Qe7 36. Nxb7 Nxe4 37. Nxg6+ hxg6 38. Qxg6 d3 39. Qh5+ Kg8 40. Qd5+
Kh8 41. Qh5+ Kg8 42. Qd5+ Kh8 43. Bxd3 Ng3 44. Nd6 Rf8 45. Nc4 Rd8 46. Qf3 Qc7
47. Bb1 Rf8 48. Qd3 Nf5 49. Qe4 a5 50. Nd6 Qa7+ 51. Kh2 Qc7 52. bxa5 Ba1 53. Qe6
Rf6 54. Qe8+ Kg7 55. Bxf5 Rxd6 56. Rxd6 Qxd6+ 57. Kg1 Qc5+ 58. Kh1 Qc1+ 59. Kh2
Qf4+ 60. Kh1 Qf1+ 61. Kh2 Qf4+ 62. Kh1 1/2-1/2

[Event "TCh-FRA Top 12 2018"]
[Site "Brest FRA"]
[Date "2018.05.26"]
[Round "1.5"]
[Board "5"]
[White "Milliet, Sophie"]
[Black "Lagarde, Maxime"]
[Result "0-1"]
[WhiteTitle "IM"]
[BlackTitle "GM"]
[WhiteElo "2391"]
[BlackElo "2604"]
[WhiteTeam "Evry Grand Roque"]
[BlackTeam "NICE Alekhine"]
[WhiteFideId "623725"]
[BlackFideId "662399"]
[EventDate "2018.05.26"]

1. e4 e6 2. d4 d5 3. Nc3 Bb4 4. e5 c5 5. a3 Bxc3+ 6. bxc3 Ne7 7. h4 Qc7 8. h5
cxd4 9. cxd4 Qc3+ 10. Bd2 Qxd4 11. Nf3 Qe4+ 12. Be2 Nf5 13. O-O Nc6 14. Re1 Bd7
15. Rb1 b6 16. Bd3 Qg4 17. Bxf5 exf5 18. Bb4 Be6 19. Bd6 Qa4 20. Rb3 h6 21. Rd3
O-O-O 22. Nd4 Kb7 23. Nxc6 Qxc6 24. Ree3 Rc8 25. c3 g6 26. hxg6 fxg6 27. f4 g5
28. Rg3 gxf4 29. Rg7+ Ka8 30. Rg6 Rce8 31. Qf3 Rhg8 32. Rxg8 Rxg8 33. Rd4 Rg3
34. Qxf4 Qxc3 35. Qd2 Qxd2 36. Rxd2 Rg4 37. Kf2 d4 38. g3 Bc4 39. Rd1 Re4 40.
Rd2 d3 41. Kf3 h5 42. Bb4 Rxe5 43. Kf4 Rb5 44. Kg5 a5 45. Bd6 Rd5 46. Bf4 b5 47.
Kxh5 b4 48. axb4 a4 49. Bh6 a3 50. Kg5 a2 51. Bg7 Rd7 52. Bc3 Re7 53. Kxf5 Re2
54. Rd1 d2 55. Rh1 Bb3 56. Rh8+ Kb7 57. Rh7+ Kc6 0-1

[Event "TCh-FRA Top 12 2018"]
[Site "Brest FRA"]
[Date "2018.05.26"]
[Round "1.5"]
[Board "6"]
[White "Flear, Glenn C"]
[Black "Brochet, Philippe"]
[Result "1/2-1/2"]
[WhiteTitle "GM"]
[BlackTitle "IM"]
[WhiteElo "2444"]
[BlackElo "2409"]
[WhiteTeam "NICE Alekhine"]
[BlackTeam "Evry Grand Roque"]
[WhiteFideId "400165"]
[BlackFideId "602469"]
[EventDate "2018.05.26"]

1. d4 e6 2. c4 Bb4+ 3. Bd2 c5 4. Bxb4 cxb4 5. e3 Nf6 6. a3 bxa3 7. Rxa3 a5 8.
Nc3 O-O 9. Nf3 b6 10. Be2 d6 11. O-O Na6 12. Ne1 Nb4 13. Nc2 Ba6 14. Na2 Nxa2
15. Rxa2 d5 16. Na3 Rc8 17. b3 Qe7 18. Qa1 Rc7 19. Rc1 Rfc8 20. Rac2 Ne4 21. Nb1
Qb4 22. Qa3 Qxa3 23. Nxa3 Kf8 24. f3 Nd6 25. Kf2 Ke8 26. Bd3 f5 27. h4 Kd7 28.
Be2 Kd8 29. Ke1 h6 30. Kd2 f4 31. Bd3 a4 32. cxd5 fxe3+ 33. Kxe3 Bxd3 34. Kxd3
Rxc2 35. Rxc2 Rxc2 36. Nxc2 axb3 37. Ne3 Nf5 38. Nc4 b5 39. Nd2 exd5 40. h5 Ng3
41. Nxb3 Nxh5 42. g4 Nf6 43. Nc5 g6 44. Ne6+ Ke7 45. Nf4 g5 46. Ng6+ Ke6 47. Ne5
h5 48. gxh5 Nxh5 49. Kc3 Ng3 50. Kb4 Ne2 51. Nc6 Kf5 52. Kxb5 Kf4 53. Kc5 Kxf3
54. Kxd5 Ke3 55. Ne5 Nxd4 56. Nc4+ Kd3 57. Nb2+ Ke3 1/2-1/2

[Event "TCh-FRA Top 12 2018"]
[Site "Brest FRA"]
[Date "2018.05.26"]
[Round "1.5"]
[Board "7"]
[White "Leroy, Didier"]
[Black "Demuth, Adrien"]
[Result "1/2-1/2"]
[WhiteTitle "IM"]
[BlackTitle "GM"]
[WhiteElo "2297"]
[BlackElo "2542"]
[WhiteTeam "Evry Grand Roque"]
[BlackTeam "NICE Alekhine"]
[WhiteFideId "610950"]
[BlackFideId "642274"]
[EventDate "2018.05.26"]

1. d4 Nf6 2. Bg5 d5 3. Bxf6 gxf6 4. e3 c5 5. Nc3 Nc6 6. a3 e6 7. Nf3 Bd7 8. Be2
f5 9. Qd2 Qf6 10. O-O O-O-O 11. b4 cxd4 12. exd4 Bh6 13. Qd3 Rhg8 14. Rfd1 Kb8
15. Bf1 Rc8 16. Kh1 Ne7 17. Ne5 Rgd8 18. Nxd7+ Rxd7 19. Na4 b6 20. Qb5 Rb7 21.
c3 f4 22. Rd3 Nf5 23. Rh3 Nd6 24. Qe2 Rbc7 25. Qe1 Ne4 26. Ba6 Rg8 27. f3 Qg6
28. Ra2 Nd6 29. Rh4 Bg5 30. Rh3 Be7 31. Rd2 Nc4 32. Bxc4 Rxc4 33. Rb2 Qd3 34.
Qb1 Qxb1+ 35. Rxb1 b5 36. Nc5 Bxc5 37. bxc5 Rxc3 38. Rxh7 Rc2 39. Rxf7 Rgxg2 40.
Rxb5+ Kc8 41. Rbb7 1/2-1/2

[Event "TCh-FRA Top 12 2018"]
[Site "Brest FRA"]
[Date "2018.05.26"]
[Round "1.5"]
[Board "8"]
[White "Bollengier, Andreea"]
[Black "Manouck, Thierry"]
[Result "1/2-1/2"]
[WhiteTitle "WIM"]
[BlackTitle "IM"]
[WhiteElo "2260"]
[BlackElo "2195"]
[WhiteTeam "NICE Alekhine"]
[BlackTeam "Evry Grand Roque"]
[WhiteFideId "1203347"]
[BlackFideId "600873"]
[EventDate "2018.05.26"]

1. Nf3 Nf6 2. c4 d6 3. d4 Nbd7 4. Nc3 e5 5. e4 c6 6. Be2 Be7 7. O-O a6 8. d5
cxd5 9. cxd5 b5 10. a3 O-O 11. Be3 Ng4 12. Bd2 Nb6 13. h3 Nf6 14. Be3 Qc7 15.
Nd2 Bd7 16. Qb1 Rfc8 17. Rc1 Bd8 18. b3 Be8 19. a4 bxa4 20. bxa4 Nxa4 21. Nxa4
Qxc1+ 22. Qxc1 Rxc1+ 23. Rxc1 Bxa4 24. Ra1 Bd7 25. Rxa6 Rxa6 26. Bxa6 Ba5 27. f3
Kf8 28. Nc4 Bb4 29. Bb6 Ke7 30. Na5 Bxa5 31. Bxa5 Ba4 32. Kf2 Nd7 33. Ke3 Nc5
34. Be2 g6 35. g3 f6 36. Bb4 Nb3 37. Bd1 Nc5 38. Bxa4 Nxa4 39. Kd3 h5 40. Ba3
Nb6 41. f4 Kd7 42. Bc1 Na4 43. Be3 Nb2+ 44. Kc2 Nc4 45. Bf2 f5 46. Kc3 Na5 47.
exf5 gxf5 48. fxe5 dxe5 49. Bc5 Nb7 50. Ba3 Nd6 51. Kd3 Nb7 1/2-1/2

[Event "TCh-FRA Top 12 2018"]
[Site "Brest FRA"]
[Date "2018.05.26"]
[Round "1.6"]
[Board "1"]
[White "Piorun, Kacper"]
[Black "Bacrot, Etienne"]
[Result "0-1"]
[WhiteTitle "GM"]
[BlackTitle "GM"]
[WhiteElo "2633"]
[BlackElo "2714"]
[WhiteTeam "Tremblay en France"]
[BlackTeam "BISCHWILLER"]
[WhiteFideId "1130420"]
[BlackFideId "605506"]
[EventDate "2018.05.26"]

1. e4 e5 2. Nf3 Nc6 3. Bb5 Nf6 4. d3 Bc5 5. Bxc6 dxc6 6. Nbd2 Be6 7. O-O Nd7 8.
Nb3 Be7 9. Na5 Qc8 10. Ng5 Bxg5 11. Bxg5 b6 12. Nb3 c5 13. Nd2 Nb8 14. Bh4 Nc6
15. Nc4 Qd7 16. Qh5 Bg4 17. Qg5 f6 18. Qe3 Be6 19. f4 exf4 20. Qxf4 Bxc4 21.
dxc4 O-O-O 22. Bg3 Qd4+ 23. Kh1 Rd7 24. b3 Qd2 25. Qg4 h5 26. Qh3 Qe2 27. e5
Nxe5 28. Rae1 Qg4 29. Bxe5 Qxh3 30. gxh3 fxe5 31. Rxe5 Rd2 32. Rf7 Rxc2 33. Ree7
Rxa2 34. Rxc7+ Kb8 35. Rb7+ Ka8 36. Rbe7 g5 37. Kg1 Rd8 38. Re1 Ra3 39. Ree7 Ra2
40. Re1 Ra3 41. Ree7 Rd1+ 42. Kf2 Ra2+ 43. Kf3 Rf1+ 44. Ke4 Rxf7 45. Rxf7 Rd2
46. Rg7 Rd4+ 47. Ke5 Rd3 48. Ke4 Rxb3 49. Kd5 a5 50. Kc6 a4 51. Rxg5 Ka7 52.
Rxh5 Ka6 53. Rh8 Ka5 54. Ra8+ Kb4 55. Kxb6 Rxh3 0-1

[Event "TCh-FRA Top 12 2018"]
[Site "Brest FRA"]
[Date "2018.05.26"]
[Round "1.6"]
[Board "3"]
[White "Jobava, Baadur"]
[Black "Ragger, Markus"]
[Result "1/2-1/2"]
[WhiteTitle "GM"]
[BlackTitle "GM"]
[WhiteElo "2663"]
[BlackElo "2672"]
[WhiteTeam "Tremblay en France"]
[BlackTeam "BISCHWILLER"]
[WhiteFideId "13601520"]
[BlackFideId "1610856"]
[EventDate "2018.05.26"]

1. e4 e5 2. Nf3 Nc6 3. d4 exd4 4. Nxd4 Nf6 5. Nxc6 bxc6 6. Bd3 d5 7. exd5 cxd5
8. O-O Be7 9. h3 O-O 10. Re1 c5 11. Nd2 Bb7 12. Nf3 Bd6 13. c3 Qc7 14. Be3 Rfe8
15. Qc2 h6 16. Rad1 Rad8 17. Bc1 Qc6 18. Rxe8+ Rxe8 19. Be3 Ba6 20. Ne1 Rb8 21.
Bf5 Re8 22. Nf3 Bc8 23. Qd3 Bf8 24. Bxc8 Rxc8 25. Bf4 Bd6 26. Bxd6 Qxd6 27. Re1
Rb8 28. b3 a5 29. Nh4 g6 30. Nf3 Kg7 31. Nd2 a4 32. bxa4 Qc6 33. a5 Rb2 34. c4
Rxa2 35. cxd5 Qxd5 36. Qxd5 Nxd5 37. Nc4 Ra4 38. Re5 Rxc4 39. Rxd5 Rc1+ 40. Kh2 1/2-1/2

[Event "TCh-FRA Top 12 2018"]
[Site "Brest FRA"]
[Date "2018.05.26"]
[Round "1.6"]
[Board "4"]
[White "Naiditsch, Arkadij"]
[Black "Flom, Gabriel"]
[Result "1/2-1/2"]
[WhiteTitle "GM"]
[BlackTitle "IM"]
[WhiteElo "2697"]
[BlackElo "2501"]
[WhiteTeam "BISCHWILLER"]
[BlackTeam "Tremblay en France"]
[WhiteFideId "4650891"]
[BlackFideId "621650"]
[EventDate "2018.05.26"]

1. e4 e6 2. d4 d5 3. Nd2 c5 4. Ngf3 cxd4 5. Bb5+ Nc6 6. Nxd4 Bd7 7. Nxc6 bxc6 8.
Bd3 Qc7 9. Qe2 Ne7 10. Nf3 Ng6 11. e5 c5 12. c3 Be7 13. O-O f5 14. exf6 gxf6 15.
Re1 e5 16. Nh4 e4 17. Qh5 Qe5 18. Be2 Qxh5 19. Bxh5 Rg8 20. g3 O-O-O 21. Bxg6
hxg6 22. c4 dxc4 23. Rxe4 Bc6 24. Re1 f5 25. Be3 Bxh4 26. gxh4 Rge8 27. Bxc5
Rxe1+ 28. Rxe1 Rd2 29. Bxa7 Rxb2 30. Ra1 Be4 31. Bd4 Rb1+ 32. Rxb1 Bxb1 33. a4
Be4 34. f4 Bf3 35. Kf2 Bh5 36. Ke3 Kb7 37. Bc3 Ka6 38. Kd4 Be2 39. Kc5 Bd3 40.
h5 gxh5 41. Be1 c3 42. Bxc3 h4 43. Kd4 Be2 44. Ke5 Bg4 45. Bb4 h3 46. Kd4 1/2-1/2